[Event "Berkeley CC Santasiere FNM; 30/90, SD/3"]
[Site "Berkeley CA"]
[Date "2009.09.04"]
[Round "5.2"]
[White "Sherwood, Peter"]
[Black "Andries, W Craig"]
[Result "1-0"]
[WhiteElo "1769"]
[BlackElo "1926"]
[PlyCount "117"]
[EventDate "2009.??.??"]
[SourceDate "2007.10.22"]

1. e4 g6 2. d4 d6 3. Nf3 Bg7 4. Be3 Nf6 5. Nc3 c6 6. h3 O-O 7. Qd2 e5 8. Bh6
exd4 9. Nxd4 Qe7 10. Bxg7 Kxg7 11. Qe3 Re8 12. Bd3 d5 13. Nb3 dxe4 14. Be2 Nbd7
15. O-O-O Nb6 16. h4 Nbd5 17. Nxd5 Nxd5 18. Qg3 Qe5 19. Qxe5+ Rxe5 20. g3 a5
21. Rhe1 a4 22. Nd4 a3 23. c3 Bd7 24. Bc4 axb2+ 25. Kxb2 Rae8 26. Nc2 Nb6 27.
Bb3 f5 28. a4 c5 29. a5 Na4+ 30. Ka3 Nxc3 31. Rxd7+ R8e7 32. Rxe7+ Rxe7 33. Ne3
Rd7 34. Kb2 Nb5 35. Rd1 Rxd1 36. Bxd1 Kf6 37. Bb3 h6 38. Bd5 Nd6 39. Bxb7 g5
40. a6 Nb5 41. Bc6 Na7 42. Bd7 f4 43. Ng4+ Ke7 44. Ba4 gxh4 45. gxh4 h5 46. Ne5
Kd6 47. Nc4+ Kd5 48. Kc3 Ke6 49. Nd2 e3 50. fxe3 fxe3 51. Nc4 Kf5 52. Nxe3+ Kf4
53. Nd5+ Kg4 54. Kc4 Kxh4 55. Nf6 Kg5 56. Nxh5 Kxh5 57. Kxc5 Kg6 58. Bd7 Kf6
59. Kb6 1-0

[Event "Berkeley CC FNM; 30/90, SD/30"]
[Site "Berkeley"]
[Date "2009.05.22"]
[Round "4.7"]
[White "Sherwood, Peter"]
[Black "Cole, Tony"]
[Result "1-0"]
[WhiteElo "1719"]
[BlackElo "1384"]
[PlyCount "141"]
[EventDate "2009.??.??"]
[SourceDate "2007.10.22"]

1. e4 e5 2. Nf3 Nc6 3. Bb5 Nd4 4. Nxd4 exd4 5. d3 c6 6. Bc4 d5 7. exd5 cxd5 8.
Bb3 Nf6 9. O-O Bg4 10. Ba4+ Bd7 11. Bxd7+ Qxd7 12. Re1+ Be7 13. Qe2 Ng8 14. Bf4
O-O-O 15. Qe5 Bd6 16. Qxd4 Qg4 17. Qc3+ Kd7 18. Bxd6 Kxd6 19. Qe5+ Kc6 20. Nc3
Nf6 21. Qe2 Qh4 22. Qf3 Qd4 23. Qe3 Qh4 24. Qf3 Qd4 25. Re7 Rhe8 26. Rae1 Qc5
27. Rxe8 Nxe8 28. Qxf7 Nd6 29. Qf3 Qd4 30. Qe3 Re8 31. Qd2 Nc4 32. Qc1 Rxe1+
33. Qxe1 Nxb2 34. Qe8+ Kb6 35. Qb5+ Kc7 36. Qxb2 Kb8 37. Nd1 Qg4 38. Qe5+ Kc8
39. Ne3 Qa4 40. Nxd5 Qd7 41. c4 b6 42. Qe7 Qxe7 43. Nxe7+ Kd7 44. Nd5 Kd6 45.
Kf1 Kc5 46. Ke2 b5 47. Ne3 bxc4 48. dxc4 Kd4 49. Kd2 g6 50. Kc2 a5 51. Kb3 Kc5
52. Ka4 Kb6 53. g4 Ka6 54. c5 Kb7 55. Kxa5 Kc6 56. Kb4 Kb7 57. Kb5 Kc7 58. c6
Kb8 59. Kb6 Kc8 60. c7 h5 61. g5 h4 62. h3 Kd7 63. Kb7 Kd6 64. c8=Q Ke5 65. Qc4
Kd6 66. Qd5+ Ke7 67. Kc7 Ke8 68. Qd7+ Kf8 69. Kd6 Kg8 70. Ke6 Kh8 71. Kf6 1-0

[Event "BCC Bobby Fischer Memorial Marathon"]
[Site "?"]
[Date "2008.02.10"]
[Round "1"]
[White "Sherwood, Peter"]
[Black "Jahedi, Salar"]
[Result "0-1"]
[WhiteElo "1715"]
[BlackElo "2041"]
[PlyCount "122"]
[EventDate "2008.02.10"]
[SourceDate "2007.10.22"]

1. e4 e6 2. d4 d5 3. Nc3 dxe4 4. Nxe4 Nd7 5. Nf3 Ngf6 6. Ned2 c5 7. Bd3 Be7 8.
O-O O-O 9. b3 cxd4 10. Nxd4 Nc5 11. N2f3 Nxd3 12. Qxd3 a6 13. Bb2 Qc7 14. Rfe1
b5 15. Rad1 Bb7 16. Qe2 Bb4 17. c3 Bc5 18. Qe5 Qxe5 19. Nxe5 Rac8 20. c4 bxc4
21. Nxc4 Nd5 22. Nc2 Nf4 23. N2e3 Bb4 24. Rf1 Bc6 25. Be5 Nd5 26. Nc2 Bc3 27.
Nd4 Bxd4 28. Bxd4 Nf4 29. f3 Bb5 30. Be5 Bxc4 31. bxc4 Rxc4 32. Bxf4 Rxf4 33.
Rd6 Ra4 34. Rf2 g5 35. Rfd2 Rc8 36. Kf2 Rc7 37. Ke3 Rc3+ 38. R6d3 Rc5 39. Kf2
Rca5 40. Kg3 Rxa2 41. Kg4 Rxd2 42. Rxd2 Kg7 43. h4 h6 44. hxg5 hxg5 45. Rc2 Kg6
46. Kg3 Rb5 47. Ra2 a5 48. Kf2 Kf5 49. g4+ Ke5 50. Ra4 f5 51. gxf5 exf5 52. Ke3
f4+ 53. Kd3 Kf5 54. Ra3 Re5 55. Kd4 Kf6 56. Ra2 Re3 57. Rxa5 Rxf3 58. Ra6+ Kf5
59. Ra5+ Kg4 60. Ke4 Re3+ 61. Kd4 Re8 0-1

[Event "Paul Morphy Sunday Night Marathon"]
[Site "?"]
[Date "2008.05.25"]
[Round "2.1"]
[White "Sherwood, Peter"]
[Black "Jahedi, Salar"]
[Result "0-1"]
[WhiteElo "1722"]
[BlackElo "2060"]
[PlyCount "100"]
[EventDate "2008.05.18"]
[SourceDate "2007.10.22"]

1. e4 e6 2. d4 d5 3. Nc3 dxe4 4. Nxe4 Nd7 5. Nf3 Ngf6 6. Bd3 Nxe4 7. Bxe4 c5 8.
Qd3 f5 9. Bxf5 exf5 10. Qxf5 Nf6 11. Qd3 Be7 12. Be3 Qa5+ 13. c3 cxd4 14. Bxd4
Bf5 15. Qe2 O-O 16. O-O Bd6 17. Rfe1 Kh8 18. h3 Bd7 19. Qd3 Qf5 20. Qxf5 Bxf5
21. Rad1 h6 22. a3 Rfd8 23. g4 Be4 24. Bxf6 Bxf3 25. Bxd8 Bxd1 26. Rxd1 Rxd8
27. Re1 Kg8 28. Kg2 Kf7 29. Kf3 Bc5 30. Re5 Bb6 31. Re2 Rd3+ 32. Kg2 Bc7 33. c4
Bf4 34. f3 Rd2 35. Rxd2 Bxd2 36. b3 Ke6 37. Kf2 Ke5 38. Ke2 Bc1 39. a4 Kd4 40.
a5 a6 41. Kd1 Bf4 42. Kc2 Bc7 43. h4 g5 44. hxg5 hxg5 45. Kd2 Bxa5+ 46. Ke2 Bb4
47. Kf2 Bd6 48. Ke2 Kc3 49. Ke3 Kxb3 50. Kd4 a5 0-1

[Event "Shorman Sunday Night Marathon"]
[Site "?"]
[Date "2008.01.13"]
[Round "4"]
[White "Sherwood, Peter"]
[Black "Jahedi, Salar"]
[Result "0-1"]
[WhiteElo "1766"]
[BlackElo "2025"]
[PlyCount "77"]
[EventDate "2008.??.??"]
[SourceDate "2007.10.22"]

1. e4 e6 2. d4 d5 3. Nc3 dxe4 4. Nxe4 Nd7 5. Nf3 Ngf6 6. Ned2 c5 7. b3 cxd4 8.
Nxd4 Bb4 9. Bb2 Ne4 10. N4f3 Qb6 11. Qe2 Ndf6 12. Qb5+ Qxb5 13. Bxb5+ Ke7 14.
a3 Bc3 15. Bxc3 Nxc3 16. Bd3 b6 17. O-O Bb7 18. Rfe1 Nd7 19. Ne4 Rac8 20. Nxc3
Rxc3 21. Nd4 Nc5 22. Bc4 Ba6 23. Bxa6 Nxa6 24. Rad1 Nc7 25. Rd2 Rc8 26. Nf5+
Kf8 27. Ne3 Nb5 28. Nc4 Nc7 29. Re3 Rxe3 30. Nxe3 Ke7 31. Kf1 Nb5 32. Nc4 Nc3
33. Rd3 Nd5 34. Rd2 Rc7 35. Ke2 b5 36. Ne3 Nc3+ 37. Kd3 Nb1 38. Rd1 Rd7+ 39.
Ke4 0-1

[Event "Shorman Sunday Night Marathon"]
[Site "?"]
[Date "2008.01.27"]
[Round "6"]
[White "Sherwood, Peter"]
[Black "Karp, Richard"]
[Result "1/2-1/2"]
[WhiteElo "1766"]
[BlackElo "1912"]
[Annotator ",Elizabeth"]
[PlyCount "95"]
[EventDate "2008.??.??"]
[SourceDate "2007.10.22"]

1. e4 c5 2. Nf3 Nc6 3. d4 cxd4 4. Nxd4 g6 5. c4 Bg7 6. Be3 d6 7. Be2 Nf6 8. Nc3
O-O 9. O-O Ng4 10. Bxg4 Bxg4 11. Qxg4 Nxd4 12. Rac1 Rc8 13. b3 Re8 14. f4 f5
15. Qd1 e5 16. exf5 Nxf5 17. Bxa7 exf4 18. Nd5 Qa5 19. Bf2 Ne3 20. Bxe3 fxe3
21. Qe2 Qd2 22. Rc2 Qxe2 23. Rxe2 Re4 24. Rf3 Rf8 25. Rxf8+ Kxf8 26. Kf1 Bd4
27. g3 Kf7 28. Kg2 g5 29. Kf3 Re8 30. Nxe3 h5 31. g4 Bxe3 32. Rxe3 hxg4+ 33.
Kf2 Rh8 34. Kg2 Kf6 35. Rd3 Ke5 36. Rd5+ Kf4 37. Rxd6 Re8 38. Rd2 Re3 39. c5
Rc3 40. b4 Rc4 41. Rb2 Rc3 42. Rd2 g3 43. hxg3+ Rxg3+ 44. Kf2 Rh3 45. b5 Rh2+ {
(draw offer)} 46. Ke1 Rxd2 47. Kxd2 Ke5 48. c6 {(draw agreed)} 1/2-1/2

[Event "George Koltanowski Sunday Marathon"]
[Site "?"]
[Date "2007.11.04"]
[Round "3"]
[White "Sherwood, Peter"]
[Black "Krasnov, Steven"]
[Result "0-1"]
[WhiteElo "1787"]
[BlackElo "1960"]
[PlyCount "70"]
[EventDate "2007.10.28"]
[SourceDate "2007.10.22"]

1. e4 e6 2. d4 d5 3. Nc3 dxe4 4. Nxe4 Bd7 5. Nf3 Bc6 6. Bd3 Nd7 7. O-O Ngf6 8.
Qe2 Be7 9. Bg5 h6 10. Bd2 O-O 11. Rad1 b6 12. Ng3 Bb7 13. c3 c5 14. Bc2 Qc7 15.
Rfe1 Rfe8 16. Qd3 Rad8 17. Ba4 cxd4 18. Nxd4 Nc5 19. Qc2 Nxa4 20. Qxa4 a6 21.
Nde2 b5 22. Qh4 Rxd2 23. Rxd2 Ne4 24. Qg4 Nxd2 25. Nd4 Bf8 26. Nh5 Kh8 27. Qh3
Ne4 28. Re3 Ng5 29. Qg4 Bd5 30. f4 f5 31. Qe2 Ne4 32. Rh3 g6 33. Ng3 Qxf4 34.
Qe1 e5 35. Nde2 Bc5+ 0-1

[Event "BCC David Pruess Marathon"]
[Site "?"]
[Date "2008.09.12"]
[Round "2.6"]
[White "Sherwood, Peter"]
[Black "Landrum, Brett"]
[Result "0-1"]
[WhiteElo "1755"]
[BlackElo "1502"]
[PlyCount "130"]
[EventDate "2008.??.??"]
[SourceDate "2007.10.22"]

1. e4 e5 2. Nf3 d6 3. d4 f6 4. Bc4 Nc6 5. O-O Bg4 6. d5 Nd4 7. Nbd2 Nh6 8. c3
Nxf3+ 9. Nxf3 Nf7 10. Qa4+ Bd7 11. Qb3 Rb8 12. Be3 b6 13. Nd2 Be7 14. Qd1 O-O
15. Qf3 Qc8 16. Qg3 f5 17. f4 fxe4 18. Nxe4 Bf5 19. Bd3 Qd8 20. Nf6+ Bxf6 21.
Bxf5 Nh6 22. Bc2 Qd7 23. Bd2 exf4 24. Qd3 g6 25. Bxf4 Nf7 26. Qg3 Be5 27. Rae1
Bxf4 28. Rxf4 Ne5 29. Ref1 Rxf4 30. Qxf4 Qe7 31. Qg3 Rf8 32. Bf5 Nc4 33. Be6+
Kg7 34. b3 Rxf1+ 35. Kxf1 Qf6+ 36. Kg1 Nd2 37. Qd3 Qf4 38. c4 Ne4 39. Qd4+ Kh6
40. h3 Qc1+ 41. Kh2 Qf4+ 42. Kg1 Kg5 43. Bg4 h5 44. Bf3 Nd2 45. Qxf4+ Kxf4 46.
Bd1 Ke3 47. Bc2 g5 48. Bg6 h4 49. Bf5 Ne4 50. Bxe4 Kxe4 51. Kf1 Ke3 52. Ke1 a6
53. a3 b5 54. cxb5 axb5 55. a4 bxa4 56. bxa4 Kd4 57. Kf2 Kxd5 58. Kf3 c5 59.
Ke3 Kc6 60. Ke4 Kb6 61. Kf5 c4 62. Ke4 d5+ 63. Kd4 Ka5 64. Kc3 Kxa4 65. Kc2 Kb4
0-1

[Event "BCC Annual Championship"]
[Site "?"]
[Date "2008.11.21"]
[Round "5.6"]
[White "Sherwood, Peter"]
[Black "Macintyre, Brendan"]
[Result "1-0"]
[WhiteElo "1732"]
[BlackElo "1636"]
[PlyCount "117"]
[EventDate "2008.??.??"]
[SourceDate "2007.10.22"]

1. e4 c5 2. Nf3 Nc6 3. d4 cxd4 4. Nxd4 g6 5. c4 Bg7 6. Be3 Nf6 7. Nc3 O-O 8.
Be2 d6 9. O-O Bd7 10. f3 Rc8 11. Qd2 Qa5 12. b3 a6 13. Rac1 Rfe8 14. Rfd1 Qd8
15. Qe1 Rb8 16. Qh4 e5 17. Nc2 Qe7 18. Bg5 Qe6 19. Ne3 Nd4 20. Bf1 b5 21. Ncd5
Nxd5 22. Nxd5 Rb7 23. Kh1 Bc6 24. Ne3 f6 25. Bh6 Qe7 26. Nc2 Bxh6 27. Qxh6 Nxc2
28. Rxc2 Rd7 29. Rcd2 Red8 30. Qe3 Kg7 31. Qb6 Ba8 32. Qxa6 bxc4 33. Bxc4 f5
34. exf5 gxf5 35. Bd5 Bxd5 36. Rxd5 Ra7 37. Qe2 Kf6 38. Qf2 Ra6 39. a4 Ke6 40.
Qe2 Rc6 41. b4 Qb7 42. b5 Rc7 43. Qd2 Rcd7 44. Qh6+ Ke7 45. Qxh7+ Kf6 46. Qh6+
Ke7 47. Qg5+ Ke6 48. Qg6+ Ke7 49. Qxf5 Rf8 50. Qd3 Qc7 51. h3 Rf4 52. Qa3 Ke6
53. a5 Rc4 54. b6 Qc6 55. Qe3 Rf4 56. Qb3 Ke7 57. a6 Rf8 58. Qb5 Qc8 59. b7 1-0

[Event "BCC Josh Friedel Marathon"]
[Site "Berkeley"]
[Date "2008.08.01"]
[Round "4.4"]
[White "Sherwood, Peter"]
[Black "Macintyre, Brendan"]
[Result "0-1"]
[WhiteElo "1743"]
[BlackElo "1606"]
[PlyCount "126"]
[EventDate "2008.??.??"]
[SourceDate "2007.10.22"]

1. e4 c5 2. Nf3 Nc6 3. d4 cxd4 4. Nxd4 g6 5. c4 Bg7 6. Be3 Nf6 7. Nc3 O-O 8.
Be2 d6 9. O-O Bd7 10. f4 Rc8 11. b3 Qa5 12. Nd5 Nxd5 13. exd5 Qc3 14. Nc2 Nb4
15. Bd4 Qxc2 16. Bxg7 Qxd1 17. Rfxd1 Kxg7 18. Rd2 a5 19. Re1 Rfe8 20. h3 Na6
21. Bd1 b5 22. Be2 bxc4 23. Bxc4 Nc5 24. g4 Rb8 25. Rde2 Kf8 26. Kg2 a4 27. Re3
axb3 28. axb3 Bb5 29. Bxb5 Rxb5 30. f5 Rxb3 31. Kf3 Rxe3+ 32. Rxe3 Nd7 33. Kf4
Nf6 34. Rd3 Rc8 35. g5 Rc4+ 36. Kf3 Ne4 37. fxg6 Nxg5+ 38. Kg3 hxg6 39. h4 Ne4+
40. Kf3 Nc5 41. Ra3 Rxh4 42. Ra8+ Kg7 43. Ke3 g5 44. Re8 Kf6 45. Rg8 g4 46. Kf2
Ne4+ 47. Kg2 g3 48. Kg1 Ng5 49. Kg2 Rg4 50. Re8 Ne4 51. Rh8 Rf4 52. Rg8 Ke5 53.
Kg1 Kxd5 54. Rg7 Ke5 55. Kg2 d5 56. Rg8 d4 57. Rd8 Rf2+ 58. Kg1 f5 59. Rd7 e6
60. Rg7 Kf4 61. Rd7 Ke3 62. Re7 Rc2 63. Rxe6 Kf3 0-1

[Event "Purdy FNM; 30/90, SD/30"]
[Site "Berkeley"]
[Date "2010.01.15"]
[Round "2.4"]
[White "Sherwood, Peter"]
[Black "Maser, Thomas F"]
[Result "1-0"]
[WhiteElo "1713"]
[BlackElo "1947"]
[PlyCount "88"]
[EventDate "2010.??.??"]
[SourceDate "2007.10.22"]

1. e4 e5 2. Nf3 Nc6 3. Bb5 a6 4. Ba4 d6 5. c3 Bd7 6. O-O Nf6 7. Re1 g6 8. d4
Qe7 9. d5 Nb8 10. Bxd7+ Qxd7 11. Nbd2 Bg7 12. Nf1 O-O 13. Bg5 h6 14. Bd2 c6 15.
c4 Kh7 16. Ba5 b5 17. b3 cxd5 18. cxd5 Rc8 19. Rc1 Qb7 20. Rxc8 Qxc8 21. Qb1
Nbd7 22. Rc1 Qe8 23. Rc6 Nc5 24. N1d2 Rc8 25. Rxd6 Nfd7 $138 26. b4 Na4 27.
Rxa6 Nc3 28. Qb2 f5 29. Re6 Qf7 30. Rc6 fxe4 31. Rxc8 Ne2+ 32. Kf1 exf3 33.
Nxf3 Nf4 34. Qd2 Qf5 35. Rc1 e4 36. Ne1 Be5 $138 37. Bc7 e3 38. Qxe3 Nxd5 39.
Qa7 Nxc7 40. Rxc7 Bxc7 41. Qxc7 Qd5 42. Qc2 h5 43. Nf3 Ne5 44. Qc7+ Kh6 {
and resigns} 1-0

[Event "George Koltanowski Sunday Marathon"]
[Site "?"]
[Date "2007.11.18"]
[Round "5"]
[White "Sherwood, Peter"]
[Black "Morgan, Jerry"]
[Result "1-0"]
[WhiteElo "1787"]
[BlackElo "1473"]
[Annotator ",Elizabeth"]
[PlyCount "57"]
[EventDate "2007.10.28"]
[SourceDate "2007.10.22"]

1. e4 e6 2. d4 d5 3. Nc3 Bb4 4. e5 c5 5. a3 Bxc3+ 6. bxc3 Ne7 7. Qg4 Qc7 8.
Qxg7 Rg8 9. Qxh7 cxd4 10. Ne2 Nbc6 11. f4 Bd7 12. Qd3 dxc3 13. Nxc3 a6 14. Rb1
Nf5 15. g3 O-O-O 16. Qxa6 Be8 17. Qa8+ Nb8 18. Bd2 d4 19. Ne4 Bc6 20. Bd3 Rg6
21. Qa5 Rd7 22. Qxc7+ Rxc7 23. O-O Rg7 24. Ng5 Ne7 25. Rb4 Rd7 26. Nf3 Bxf3 27.
Rxf3 Nbc6 28. Rb2 Rd8 29. Be4 {B resigns} 1-0

[Event "Berkeley CC Santasiere FNM; 30/90, SD/3"]
[Site "?"]
[Date "2009.08.28"]
[Round "?"]
[White "Sherwood, Peter"]
[Black "Peyton, Tyehimba"]
[Result "1-0"]
[WhiteElo "1769"]
[BlackElo "1606"]
[PlyCount "83"]
[EventDate "2009.09.05"]
[SourceDate "2007.10.22"]

1. e4 d5 2. exd5 Nf6 3. d4 Nxd5 4. Nf3 Bg4 5. Be2 e6 6. O-O Bd6 7. Ne5 Bxe2 8.
Qxe2 O-O 9. c4 Nf6 10. Bg5 Be7 11. Rd1 h6 12. Be3 c6 13. Nd2 Nbd7 14. Ndf3 Nb6
15. b3 Ne4 16. Qc2 Ng5 17. Nxg5 Bxg5 18. Qe4 Bxe3 19. fxe3 f5 20. Qd3 Qe8 21.
Rf1 Nd7 22. Nxd7 Qxd7 23. Qe2 Rad8 24. Rad1 Rf6 25. Qf3 Rdf8 26. Qf4 g5 27. Qe5
f4 28. exf4 Rf5 29. Qe4 g4 30. g3 Qf7 31. Rfe1 Rf6 32. Qc2 Qh5 33. Re5 Qf7 34.
Rde1 Re8 35. Qe2 Qg6 36. d5 cxd5 37. cxd5 Kf7 38. Qc4 Re7 39. d6 Rd7 40. Qc8
Rxd6 41. Qc7+ Kg8 42. Qxd6 1-0

[Event "BCC Annual Championship"]
[Site "?"]
[Date "2008.10.31"]
[Round "2.6"]
[White "Sherwood, Peter"]
[Black "Salerno, Stacy"]
[Result "1-0"]
[WhiteElo "1732"]
[BlackElo "682"]
[PlyCount "45"]
[EventDate "2008.??.??"]
[SourceDate "2007.10.22"]

1. e4 e5 2. Nf3 Nc6 3. Bb5 d6 4. d4 Bd7 5. Nc3 Nf6 6. O-O a6 7. Bxc6 Bxc6 8.
dxe5 dxe5 9. Qxd8+ Rxd8 10. Nxe5 Bd6 11. Nxc6 bxc6 12. e5 Bxe5 13. Re1 Nd7 14.
f4 f6 15. fxe5 Nxe5 16. Bf4 O-O 17. Bxe5 fxe5 18. Rxe5 Rd2 19. Re2 Rd6 20. Rd1
Rdf6 21. Ne4 Rf4 22. Ng5 h6 23. Ne6 1-0

[Event "Blackburne Friday Night Marathon"]
[Site "Berkeley"]
[Date "2009.04.03"]
[Round "4.1"]
[White "Sherwood, Peter"]
[Black "Sauerwald, Thomas"]
[Result "0-1"]
[WhiteElo "1703"]
[BlackElo "2152"]
[PlyCount "116"]
[EventDate "2009.??.??"]
[SourceDate "2007.10.22"]

1. e4 e6 2. d4 d5 3. Nc3 Bb4 4. e5 c5 5. a3 Bxc3+ 6. bxc3 Ne7 7. Qg4 O-O 8. Bd3
f5 9. exf6 Rxf6 10. Bg5 Rf7 11. Qh4 h6 12. Bd2 Nbc6 13. Nf3 c4 14. Be2 Bd7 15.
O-O Qf8 16. Ne5 Nxe5 17. dxe5 Nc6 18. f4 Qc5+ 19. Qf2 Qxf2+ 20. Rxf2 b6 21. Bh5
Re7 22. a4 Be8 23. Bg4 Bg6 24. Bc1 Be4 25. Ba3 Ree8 26. Bh5 g6 27. Bf3 Bxf3 28.
Rxf3 h5 29. Kf2 Reb8 30. Rb1 Kf7 31. Ke2 Rh8 32. g3 Ke8 33. Rh1 Kf7 34. Rff1
Rh7 35. h3 Rah8 36. Bd6 Ke8 37. Ba3 Kd7 38. Bd6 Rf7 39. Rf3 Rfh7 40. Rff1 Nd8
41. Ba3 Nf7 42. Bc1 Nh6 43. Kf3 Nf5 44. Be3 h4 45. g4 Ng3 46. Rb1 Nxh1 47. Rxh1
Rf8 48. Ke2 Rhf7 49. Rh2 Kc6 50. g5 Rxf4 51. Bxf4 Rxf4 52. Rf2 Rxf2+ 53. Kxf2
a5 54. Ke2 b5 55. axb5+ Kxb5 56. Kd1 Kc5 57. Kc1 d4 58. Kb2 d3 0-1

[Event "BCC Championship"]
[Site "Berkeley"]
[Date "2008.12.19"]
[Round "8.1"]
[White "Sherwood, Peter"]
[Black "Sauerwald, Thomas"]
[Result "0-1"]
[WhiteElo "1732"]
[BlackElo "2224"]
[PlyCount "70"]
[EventDate "2008.??.??"]
[SourceDate "2007.10.22"]

1. e4 e6 2. d4 d5 3. Nc3 Bb4 4. e5 c5 5. a3 Bxc3+ 6. bxc3 Ne7 7. Qg4 O-O 8. Bd3
Nbc6 9. Nf3 f5 10. Qh5 Bd7 11. O-O Qa5 12. a4 c4 13. Be2 f4 14. Qg4 Qxc3 15.
Bxf4 Qxc2 16. Rfe1 Qf5 17. Qxf5 Nxf5 18. Be3 b6 19. g4 Nxe3 20. fxe3 Na5 21.
Bd1 Bc6 22. Kg2 h6 23. Ng1 a6 24. Ne2 b5 25. axb5 axb5 26. Rb1 Rfb8 27. Rb4 Bd7
28. Nc3 Nc6 29. Rxb5 Rxb5 30. Nxb5 Nxe5 31. Nc7 Ra2+ 32. Re2 Rxe2+ 33. Bxe2 c3
34. Bd1 Nd3 35. Kf1 Nb4 0-1

[Event "David Pruess FNM; 30/90, SD/30"]
[Site "Berkeley"]
[Date "2008.10.03"]
[Round "5.4"]
[White "Sherwood, Peter"]
[Black "Shaughnessy, Elizabeth"]
[Result "1-0"]
[WhiteElo "1755"]
[BlackElo "1587"]
[PlyCount "135"]
[EventDate "2008.??.??"]
[SourceDate "2007.10.22"]

1. e4 e5 2. Nf3 Nf6 3. Nxe5 d6 4. Nf3 Nxe4 5. Bc4 Bg4 6. d3 Nf6 7. O-O d5 8.
Bb3 Be7 9. Re1 O-O 10. Nbd2 Nc6 11. c3 Bd6 12. d4 Ne7 13. Nf1 Ne4 14. Be3 c6
15. N1d2 Nf5 16. Nf1 Nh4 17. Qe2 Bxf3 18. gxf3 Ng5 19. Bxg5 Qxg5+ 20. Ng3 Qf6
21. Bd1 Bf4 22. Qd3 Rae8 23. Rxe8 Rxe8 24. Be2 Qh6 25. Rd1 Re6 26. Bf1 g6 27.
Bg2 Rf6 28. Re1 Nxg2 29. Kxg2 Re6 30. Qf1 Kg7 {draw offer} 31. Rxe6 fxe6 32. b3
e5 33. Qd3 Qg5 34. c4 h5 35. Kh1 h4 36. Ne2 h3 37. Nxf4 exf4 38. Qf1 Qh5 39.
Qe2 Qg5 40. Qf1 dxc4 41. bxc4 Kf6 42. Qxh3 Qa5 43. Qh8+ Kg5 44. h4+ Kf5 45.
Qf8+ Ke6 46. Qxf4 Qxa2 47. Qe5+ Kf7 48. Qc7+ Kf6 49. Qd6+ Kf7 50. Qf4+ Kg7 51.
Qc7+ Kh6 52. Qf4+ Kg7 53. Qe5+ Kh7 54. Qe7+ Kg8 55. Qe6+ Kg7 56. Kg2 a5 57.
Qd7+ Kh6 58. Qc8 Kg7 59. Qxb7+ Kh6 60. Qxc6 a4 61. Qe8 Kg7 62. c5 a3 63. c6 Qc2
64. Qe7+ Kh6 65. Qxa3 Qxc6 66. Qe3+ Kg7 67. Qe7+ Kh6 68. Qd8 {B time expired}
1-0

[Event "Berkeley CC Santasiere FNM; 30/90, SD/3"]
[Site "Berkeley CA"]
[Date "2009.08.21"]
[Round "3.5"]
[White "Sherwood, Peter"]
[Black "Stearman, Josiah"]
[Result "1-0"]
[WhiteElo "1769"]
[BlackElo "1058"]
[PlyCount "37"]
[EventDate "2009.??.??"]
[SourceDate "2007.10.22"]

1. e4 e5 2. Nf3 Nf6 3. Nxe5 d6 4. Nf3 Nxe4 5. d4 d5 6. Bd3 Bg4 7. O-O Be7 8. c4
Nc6 9. cxd5 Qxd5 10. Nc3 Nxc3 11. bxc3 O-O 12. Re1 Rfe8 13. Be4 Qh5 14. Bf4 g5
15. Bxc7 Rac8 16. Bg3 f5 17. Qb3+ Kh8 18. Bxc6 bxc6 19. Be5+ 1-0

[Event "Blackburne Friday Night Marathon"]
[Site "Berkeley"]
[Date "2009.03.13"]
[Round "1.7"]
[White "Sherwood, Peter"]
[Black "Stoll, Danny"]
[Result "1-0"]
[WhiteElo "1703"]
[BlackElo "1302"]
[PlyCount "69"]
[EventDate "2009.??.??"]
[SourceDate "2007.10.22"]

1. e4 c5 2. Nf3 d6 3. d4 cxd4 4. Nxd4 Nf6 5. Nc3 g6 6. Be3 Bg7 7. f3 O-O 8. Qd2
Nc6 9. O-O-O Nxd4 10. Bxd4 Be6 11. Kb1 Rc8 12. g4 Qa5 13. Nd5 Qxd2 14. Nxe7+
Kh8 15. Rxd2 Rc7 16. Nd5 Nxd5 17. Bxg7+ Kxg7 18. exd5 Bd7 19. Bd3 f5 20. h3 Rc5
21. Re1 Rf7 22. c4 a5 23. Rde2 Kf6 24. b3 h6 25. a4 b6 26. Bc2 Rg7 27. Kc1 h5
28. Rg2 hxg4 29. fxg4 Rc8 30. gxf5 gxf5 31. Rxg7 Kxg7 32. Re7+ Kf6 33. Rxd7 Ke5
34. Rf7 f4 35. Rf5+ 1-0

[Event "Berkeley CC FNM; 30/90, SD/30"]
[Site "Berkeley"]
[Date "2009.05.15"]
[Round "3.2"]
[White "Sherwood, Peter"]
[Black "Trestor, David J"]
[Result "0-1"]
[WhiteElo "1719"]
[BlackElo "1666"]
[PlyCount "88"]
[EventDate "2009.??.??"]
[SourceDate "2007.10.22"]

1. e4 c5 2. Nf3 Nc6 3. d4 cxd4 4. Nxd4 Nf6 5. Nc3 d6 6. f3 Qb6 7. Nb3 g6 8. Qe2
Bg7 9. Be3 Qd8 10. O-O-O O-O 11. Qd2 Bd7 12. Bh6 Rc8 13. Bxg7 Kxg7 14. h4 h5
15. Be2 Ne5 16. f4 Neg4 17. Rhf1 Qb6 18. Qd4 Ne3 19. Qxb6 axb6 20. Rd2 Nxf1 21.
Bxf1 Bc6 22. e5 dxe5 23. fxe5 Ng4 24. Re2 Rfd8 25. Nd2 Rd4 26. Nf3 Rf4 27. Nd2
Rd8 28. g3 Rf5 29. e6 Rxd2 30. Kxd2 Rxf1 31. exf7 Kxf7 32. Ne4 e5 33. b3 b5 34.
c4 bxc4 35. Nd6+ Ke6 36. Nxc4 Rf3 37. Rg2 b5 38. Na5 Bd5 39. Rg1 b4 40. Nc4
Bxc4 41. bxc4 Rc3 42. Rc1 Rxc1 43. Kxc1 Kd6 44. Kd2 e4 0-1

[Event "Blackburne Friday Night Marathon"]
[Site "Berkeley"]
[Date "2009.04.17"]
[Round "6.4"]
[White "Sherwood, Peter"]
[Black "Zhang, Jeffrey"]
[Result "1-0"]
[WhiteElo "1703"]
[BlackElo "1337"]
[PlyCount "129"]
[EventDate "2009.??.??"]
[SourceDate "2007.10.22"]

1. e4 e6 2. d4 d5 3. Nc3 dxe4 4. Nxe4 Nd7 5. Bd3 Ngf6 6. Nf3 Be7 7. O-O O-O 8.
c3 b6 9. Qc2 Bb7 10. Bf4 Bxe4 11. Bxe4 Nxe4 12. Qxe4 Nf6 13. Qc6 Bd6 14. Ne5
Nd5 15. Bg3 f6 16. Nc4 Ne7 17. Qe4 Qd7 18. Rfe1 Kf7 19. Re2 Bxg3 20. fxg3 Qd5
21. Qxd5 Nxd5 22. Rae1 Rfe8 23. Kf2 Re7 {draw offer} 24. Kf3 a6 25. Nd2 Rae8
26. a3 c6 27. Ne4 Rd8 28. g4 h6 29. h4 e5 30. dxe5 Rxe5 31. c4 Ne7 32. g5 hxg5
33. hxg5 Rd4 34. gxf6 gxf6 35. b3 Rd3+ 36. Re3 Rxe3+ 37. Rxe3 Ke6 38. g4 f5 39.
Nf2 Rxe3+ {draw offer} 40. Kxe3 fxg4 41. Nxg4 b5 42. Kd4 Kd6 43. c5+ Kc7 44. b4
Kb7 45. Ne3 a5 46. Ke5 axb4 47. axb4 Kc7 48. Ke6 Nc8 49. Nf5 Na7 50. Ne7 Kb7
51. Kd7 Kb8 52. Nxc6+ Nxc6 53. Kxc6 Kc8 54. Kxb5 Kb7 55. c6+ Kc7 56. Kc5 Kc8
57. b5 Kc7 58. b6+ Kc8 59. Kd6 Kd8 60. b7 Ke8 61. b8=Q+ Kf7 62. c7 Kg7 63. c8=Q
Kf7 64. Qe6+ Kg7 65. Qbg8# 1-0

[Event "Purdy FNM; 30/90, SD/30"]
[Site "Berkeley"]
[Date "2010.01.15"]
[Round "2.1"]
[White "Smail, John"]
[Black "Andries, W Craig"]
[Result "1-0"]
[WhiteElo "1963"]
[BlackElo "1922"]
[PlyCount "68"]
[EventDate "2010.??.??"]
[SourceDate "2007.10.22"]

1. d4 d6 2. e4 Nf6 3. Nc3 g6 4. Be3 Ng4 5. Bg5 h6 6. Bh4 g5 7. Bg3 Bg7 8. h4 e5
9. Nf3 Nc6 10. d5 Nd4 11. hxg5 hxg5 12. Rxh8+ Bxh8 13. Qd2 Nxf3+ 14. gxf3 Nh6
15. O-O-O Bd7 16. Be2 Qf6 17. Rh1 O-O-O 18. -- Kb8 19. Nb5 Bxb5 20. Bxb5 Ng8
21. Rh5 Bg7 22. Kb1 Bh6 23. Qd3 Ka8 24. Qc3 Qe7 25. Rh1 f6 26. Rd1 Bf8 27. Rd3
Rc8 28. Bc6 Rb8 29. Qc4 Qd8 30. Ra3 bxc6 31. Qa4 Rb7 32. dxc6 Qb8 33. cxb7+
Qxb7 34. Rb3 Qc8 1-0

[Event "Berkeley CC Christiansen FNM; 30/90, SD/"]
[Site "Berkeley"]
[Date "2012.05.25"]
[Round "3.3"]
[White "Smail, John"]
[Black "Chan, Michael Thom"]
[Result "0-1"]
[WhiteElo "1800"]
[BlackElo "1947"]
[PlyCount "68"]
[EventDate "2012.??.??"]

1. e4 e6 2. d3 d5 3. Nd2 Nf6 4. g3 c5 5. Bg2 Be7 6. Ngf3 Nc6 7. O-O O-O 8. Re1
b5 9. e5 Nd7 10. Nf1 Qc7 11. Bf4 Bb7 12. h4 Nb6 13. c3 d4 14. Ng5 Bxg5 15. hxg5
Ne7 16. Bxb7 Qxb7 17. cxd4 cxd4 18. Re4 Rfd8 19. Nh2 Na4 20. Qe2 Nc5 21. f3
Nxe4 22. fxe4 Ng6 23. Ng4 Qe7 24. Bd2 Rac8 25. Rf1 Rc2 26. Rf2 Rdc8 27. Rh2
Rxb2 28. Nf6+ gxf6 29. Qh5 fxe5 30. Qxh7+ Kf8 31. Rf2 Rcc2 32. Qxg6 Rxd2 33.
Qh6+ Ke8 34. Rxd2 Rxd2 0-1